All 1M+ Cities by Letter - F - Statistics

General Stats
  • This quiz has been taken 379 times
  • The average score is 6 of 8
Answer Stats
Country (State) Population (Millions) City Name % Correct
Germany 3.3 Frankfurt
100%
Morocco 1.25 Fes
94%
Sierra Leone 1.72 Freetown
93%
Brazil 3.7 Fortaleza
85%
Japan 2.725 Fukuoka
78%
Pakistan 3.6 Faisalabad
72%
China (Fujian) 4.3 Fuzhou
72%
China (Anhui) 1.03 Fuyang
11%
No matching quizzes found
Score Distribution
Percent of People with Each Score
Percentile by Number Answered
Your Score History
You have not taken this quiz